000 00280nam a2200121Ia 4500
008 231129s1985||||xx |||||||||||||| ||spa||
040 _bspa
082 _a352.0094 A678
245 0 _aAreas Metropolitanas y Renovacion Urbana
260 _c1985
264 _aEdup
942 _2ddc
_cBKS
999 _c5552
_d5552